000 00610nam a2200193 i 4500
001 84608
003 ES-MaACL
005 20230906175040.0
007 t|
008 041123s1971 sp ||||1| spa d
100 1 _aJelen, Christian.
_966275
245 1 3 _aLa guerra industrial /
_cChristian Jelen, Olivier Oudiette ; [traducción de Ana Mª de la Fuente].
250 _a[1ª ed.].
260 _a[Barcelona] :
_bPlaza & Janés,
_c[1971]
300 _a304 p. :
_bil. ;
_c22 cm.
700 1 _aOudiette, Olivier.
_987967
700 1 _aFuente, Ana María de la.
_952831
852 _aES-MaACL
_jC-38277
_bR. 78369
999 _c84608
_d84608